000 00968cam a22003013a 4500
001 5955
003 PGUSA
005 20140828083126.0
008 040601s2004||||xxu|||||s|||||000 1 eng d
040 _aPGUSA
_beng
042 _adc
050 4 _aPZ
100 1 _aBailey, Arthur Scott,
_d1877-1949
245 1 4 _aThe Tale of Tommy Fox
_h[electronic resource] /
_cArthur Scott Bailey
260 _bProject Gutenberg,
_c2004
506 _aPublic domain in the USA.
516 _aElectronic text
653 _aParent and child -- Juvenile fiction
653 _aWild animals as pets -- Juvenile fiction
653 _aConduct of life -- Juvenile fiction
653 _aAnimals -- Juvenile fiction
653 _aChildren -- Conduct of life -- Juvenile fiction
653 _aFoxes -- Juvenile fiction
653 _aBrothers and sisters -- Juvenile fiction
830 0 _aProject Gutenberg
_v5955
856 4 0 _uhttp://www.gutenberg.org/ebooks/5955
942 _cEB
999 _c235283
_d235283